[Event "Tula Region-ch"]
[Site "Tula"]
[Date "2014.03.19"]
[Round "9"]
[White "Ponomarenko, Viktor"]
[Black "Zhuravlev, Stepan"]
[Result "1-0"]
[WhiteElo "2235"]
[BlackElo "1794"]
[PlyCount "105"]
[EventDate "2014.03.11"]
[EventType "swiss"]
[EventRounds "9"]
[EventCountry "RUS"]
[SourceTitle "CBM 159 Extra"]
[Source "ChessBase"]
[SourceDate "2014.04.24"]
[SourceVersion "1"]
[SourceVersionDate "2014.04.24"]
[SourceQuality "1"]

1. d4 Nf6 2. c4 e6 3. Nf3 Bb4+ 4. Bd2 Qe7 5. a3 Bxd2+ 6. Nbxd2 0-0 7. e4 d6 8. Bd3 e5 9. 0-0 Nbd7 10. Re1 Rd8 11. Rc1 Nf8 12. d5 a5 13. Nf1 N6d7 14. b4 axb4 15. axb4 Ng6 16. Ne3 Nf6 17. Nd2 Nf4 18. Bf1 Ra2 19. Rc2 Ra4 20. Rb2 Bd7 21. Nf5 Qf8 22. g3 Ng6 23. h4 Rda8 24. h5 Ne7 25. Ne3 Qc8 26. h6 g6 27. Qf3 Ng4 28. c5 f5 29. cxd6 Nxe3 30. Qxe3 cxd6 31. Qb6 Qb8 32. Rc1 R4a7 33. Rbc2 Be8 34. Rc7 Qd8 35. b5 Rc8 36. Qxa7 Rxc7 37. Qb6 Rc8 38. Qxd8 Rxd8 39. f3 Rc8 40. Ra1 Rc5 41. Ra8 Nc8 42. Rb8 b6 43. Nc4 Kf8 44. Nxb6 Nxb6 45. Rxb6 Ke7 46. Rb7+ Bd7 47. b6 Rc8 48. Bb5 Rd8 49. exf5 gxf5 50. g4 fxg4 51. fxg4 Ke8 52. Rxd7 Rxd7 53. b7 1-0

[Event "Tula Region-ch"]
[Site "Tula"]
[Date "2014.03.18"]
[Round "8"]
[White "Skorobogatova, Marina"]
[Black "Zhuravlev, Stepan"]
[Result "1-0"]
[WhiteElo "1827"]
[BlackElo "1794"]
[PlyCount "59"]
[EventDate "2014.03.11"]
[EventType "swiss"]
[EventRounds "9"]
[EventCountry "RUS"]
[SourceTitle "CBM 159 Extra"]
[Source "ChessBase"]
[SourceDate "2014.04.24"]
[SourceVersion "1"]
[SourceVersionDate "2014.04.24"]
[SourceQuality "1"]

1. e4 e5 2. Nf3 Nf6 3. Nc3 Bb4 4. d3 d5 5. exd5 Nxd5 6. Bd2 Nc6 7. Be2 0-0 8. 0-0 Kh8 9. a3 Bxc3 10. bxc3 f5 11. c4 Nf6 12. Bc3 Qe7 13. Re1 e4 14. Bf1 Qf7 15. Nd2 exd3 16. cxd3 Bd7 17. Rb1 b6 18. d4 Rae8 19. Nf3 Ne4 20. Qc2 Nxc3 21. Qxc3 Rxe1 22. Rxe1 Re8 23. d5 Rxe1 24. Qxe1 Ne7 25. Qe5 c6 26. Qc7 Qe8 27. Ne5 Bc8 28. d6 Ng6 29. d7 Bxd7 30. Nxd7 1-0

[Event "Tula Region-ch"]
[Site "Tula"]
[Date "2014.03.17"]
[Round "7"]
[White "Zhuravlev, Stepan"]
[Black "Kosarev, Aleksey"]
[Result "0-1"]
[WhiteElo "1794"]
[BlackElo "2062"]
[PlyCount "120"]
[EventDate "2014.03.11"]
[EventType "swiss"]
[EventRounds "9"]
[EventCountry "RUS"]
[SourceTitle "CBM 159 Extra"]
[Source "ChessBase"]
[SourceDate "2014.04.24"]
[SourceVersion "1"]
[SourceVersionDate "2014.04.24"]
[SourceQuality "1"]

1. e4 e5 2. Nf3 Nf6 3. Nxe5 d6 4. Nf3 Nxe4 5. Bd3 Nc5 6. Be2 d5 7. 0-0 Be7 8. d4 Ne4 9. c4 dxc4 10. Bxc4 0-0 11. Re1 Nd6 12. Bd3 Nd7 13. Nc3 Nf6 14. h3 c6 15. Bf4 Re8 16. Qc2 h6 17. Re2 Be6 18. Rae1 Nd5 19. Nxd5 cxd5 20. Ne5 Bf6 21. Re3 Qb6 22. Qd2 Rad8 23. Rf3 Nc4 24. Qc3 Qxb2 25. Qxb2 Nxb2 26. Bb5 Re7 27. Rc1 a6 28. Rb3 Nc4 29. Nxc4 dxc4 30. Bxc4 Bxc4 31. Rxc4 Bxd4 32. Bc7 Rdd7 33. Rxb7 Re1+ 34. Kh2 Be5+ 35. g3 Bxc7 36. Rcxc7 Rxc7 37. Rxc7 Re2 38. Kg2 Rxa2 39. Ra7 h5 40. Ra8+ Kh7 41. Ra7 Kg6 42. Kf3 Kf6 43. Kg2 g6 44. Kf3 a5 45. Kg2 a4 46. Ra5 a3 47. Kf3 Ke6 48. Ra7 Kd5 49. Ra5+ Kc4 50. Ra8 Kb3 51. Rb8+ Kc2 52. Rc8+ Kd1 53. Ra8 Ke1 54. Kg2 Rxf2+ 55. Kg1 a2 56. Ra7 Re2 57. Ra8 Kd1 58. Ra7 Kc1 59. Ra8 Kb1 60. Rb8+ Rb2 0-1

[Event "Tula Region-ch"]
[Site "Tula"]
[Date "2014.03.16"]
[Round "6"]
[White "Chernyshov, Pavel"]
[Black "Zhuravlev, Stepan"]
[Result "1-0"]
[WhiteElo "2199"]
[BlackElo "1794"]
[PlyCount "93"]
[EventDate "2014.03.11"]
[EventType "swiss"]
[EventRounds "9"]
[EventCountry "RUS"]
[SourceTitle "CBM 159 Extra"]
[Source "ChessBase"]
[SourceDate "2014.04.24"]
[SourceVersion "1"]
[SourceVersionDate "2014.04.24"]
[SourceQuality "1"]

1. e4 e5 2. Nf3 Nf6 3. d3 Nc6 4. Nbd2 Bc5 5. h3 d6 6. c3 Bb6 7. Be2 0-0 8. Qc2 Ne7 9. Nc4 Ng6 10. 0-0 c6 11. Nxb6 Qxb6 12. Bg5 Qd8 13. d4 h6 14. Be3 Qe7 15. dxe5 dxe5 16. Rfd1 Nh5 17. Rd2 Nhf4 18. Bf1 Qf6 19. Ne1 Be6 20. Rad1 b6 21. b4 Rad8 22. Qa4 Rxd2 23. Rxd2 Qe7 24. Qd1 Rc8 25. a4 Rb8 26. Kh2 Nf8 27. g3 N4g6 28. Ng2 Nd7 29. f4 f5 30. exf5 Bxf5 31. g4 exf4 32. gxf5 fxe3 33. Rxd7 Qe5+ 34. Kg1 Qxf5 35. Rd8+ Rxd8 36. Qxd8+ Kh7 37. Nxe3 Qe5 38. Qd3 Qg3+ 39. Ng2 Qe5 40. Qc2 Qg3 41. Bd3 Qg5 42. h4 Qg4 43. Bf5 Qh5 44. a5 bxa5 45. bxa5 a6 46. Qd3 c5 47. c4 1-0

[Event "Tula Region-ch"]
[Site "Tula"]
[Date "2014.03.13"]
[Round "3"]
[White "Zhuravlev, Stepan"]
[Black "Sitnikov, Sergey V"]
[Result "1-0"]
[WhiteElo "1794"]
[BlackElo "2004"]
[PlyCount "80"]
[EventDate "2014.03.11"]
[EventType "swiss"]
[EventRounds "9"]
[EventCountry "RUS"]
[SourceTitle "CBM 159 Extra"]
[Source "ChessBase"]
[SourceDate "2014.04.24"]
[SourceVersion "1"]
[SourceVersionDate "2014.04.24"]
[SourceQuality "1"]

1. e4 c5 2. Nf3 d6 3. d4 cxd4 4. Nxd4 Nf6 5. Nc3 a6 6. h3 e5 7. Nde2 Be6 8. g4 d5 9. exd5 Bxd5 10. Nxd5 Qxd5 11. Qxd5 Nxd5 12. Bg2 Nb4 13. Bxb7 Nxc2+ 14. Kd1 Ra7 15. Kxc2 Rxb7 16. Be3 Bd6 17. Rhd1 Ke7 18. Nc3 Nd7 19. Rd2 Rhb8 20. Rb1 Ke6 21. a3 a5 22. Rd5 Bxa3 23. Rxa5 Rxb2+ 24. Rxb2 Bxb2 25. Nb5 Ba1 26. Na7 Bd4 27. Bxd4 exd4 28. Kd3 Rb6 29. Kxd4 Rd6+ 30. Ke3 Ne5 31. Ke4 Nc4 32. Rc5 Nd2+ 33. Ke3 Nb3 34. Rc3 Na5 35. Rc5 Nb7 36. Rb5 Nd8 37. Rb3 Ke7 38. Nc8+ Ke6 39. Nxd6 Kxd6 40. Rd3+ Ke7 1-0

[Event "Tula Region-ch"]
[Site "Tula"]
[Date "2014.03.12"]
[Round "2"]
[White "Loginov, Anton"]
[Black "Zhuravlev, Stepan"]
[Result "1/2-1/2"]
[WhiteElo "2138"]
[BlackElo "1794"]
[PlyCount "83"]
[EventDate "2014.03.11"]
[EventType "swiss"]
[EventRounds "9"]
[EventCountry "RUS"]
[SourceTitle "CBM 159 Extra"]
[Source "ChessBase"]
[SourceDate "2014.04.24"]
[SourceVersion "1"]
[SourceVersionDate "2014.04.24"]
[SourceQuality "1"]

1. e4 e5 2. Nf3 Nf6 3. Nc3 Bb4 4. Nxe5 0-0 5. Nd3 Bxc3 6. dxc3 Nxe4 7. Be2 d5 8. 0-0 c6 9. Re1 Nd7 10. Bf1 Ndf6 11. f3 Nd6 12. Be3 Re8 13. Bf2 Bf5 14. g4 Bg6 15. Rxe8+ Qxe8 16. Nf4 Qd7 17. Nxg6 hxg6 18. Qd4 a6 19. Rd1 Nb5 20. Qd2 Qe6 21. b3 Re8 22. c4 dxc4 23. Bxc4 Qc8 24. Bf1 Nc7 25. h4 Ne6 26. g5 Nd5 27. Bg3 Nf8 28. Kf2 Ne3 29. Re1 Nxf1 30. Rxe8 Qxe8 31. Kxf1 Ne6 32. Qd6 Qf8 33. c3 Qxd6 34. Bxd6 f6 35. f4 Kf7 36. Kf2 f5 37. Ke3 Ke8 38. Be5 Kd7 39. a4 b5 40. c4 bxa4 41. bxa4 c5 42. a5 1/2-1/2

[Event "Russia Central-ch"]
[Site "Pushchino"]
[Date "2013.03.23"]
[Round "8"]
[White "Starkov, Boris I"]
[Black "Zhuravlev, Stepan"]
[Result "1-0"]
[WhiteElo "2257"]
[BlackElo "1737"]
[PlyCount "107"]
[EventDate "2013.03.16"]
[EventType "swiss"]
[EventRounds "9"]
[EventCountry "RUS"]
[SourceTitle "EXT 2014"]
[Source "ChessBase"]
[SourceDate "2013.11.20"]
[SourceVersion "1"]
[SourceVersionDate "2013.11.20"]
[SourceQuality "1"]

1. d4 d5 2. Nf3 e6 3. c4 Nf6 4. g3 c6 5. Qc2 Nbd7 6. Bg2 Be7 7. 0-0 0-0 8. b3 a6 9. Nc3 h6 10. Rd1 Re8 11. e4 dxe4 12. Nxe4 Nxe4 13. Qxe4 Nf6 14. Qc2 Qc7 15. Bf4 Bd6 16. Bxd6 Qxd6 17. c5 Qe7 18. Ne5 Nd7 19. Nc4 Rd8 20. b4 Rb8 21. Rab1 Nf6 22. a3 Bd7 23. Re1 Ne8 24. Rb3 Nc7 25. a4 Na8 26. Ne5 Nc7 27. h4 Be8 28. Qb2 Nd5 29. a5 Nc7 30. Bf1 Nd5 31. Nc4 Bd7 32. Nd6 Nf6 33. Rf3 Rf8 34. Qd2 Ne8 35. Nc4 Nc7 36. Bd3 Rbd8 37. Nd6 Ne8 38. Nc4 Nc7 39. Bc2 Rb8 40. Qd3 g6 41. h5 Be8 42. Ne5 Nd5 43. Rb1 Qg5 44. hxg6 fxg6 45. Rxf8+ Kxf8 46. Qf3+ Kg7 47. Bb3 Qf6 48. Bxd5 exd5 49. Qe2 Qf5 50. Rb3 Bf7 51. Nxf7 Kxf7 52. Rf3 Re8 53. Rxf5+ gxf5 54. Qh5+ 1-0